000 00362nam a22001577a 4500
003 MPLRDC
005 20220104143722.0
008 210129b ||||| |||| 00| 0 eng d
082 _a848.2 LAa-13 c.2
100 _a李昂著
245 _a杀夫
_c
260 _a
_b文学研究社
_c
300 _b
650 _a现代别集
942 _cBK
_o848.2 LAa-13 c.2
999 _c42666
_d42656